[Event "Hastings Masters op 94th"]
[Site "Hastings"]
[Date "2019.01.04"]
[Round "8"]
[White "Carulla Pons, Carlos"]
[Black "Park, Sijoon"]
[Result "1-0"]
[WhiteElo "1780"]
[BlackElo "1243"]
[PlyCount "65"]
[EventDate "2018.12.28"]
[EventType "swiss"]
[EventRounds "10"]
[EventCountry "ENG"]
[SourceTitle "CBM 188 Extra"]
[Source "ChessBase"]
[SourceDate "2019.02.26"]
[SourceVersion "1"]
[SourceVersionDate "2019.02.26"]
[SourceQuality "1"]

1. Nf3 Nf6 2. g3 g6 3. Bg2 Bg7 4. d4 0-0 5. 0-0 d5 6. Nbd2 Nbd7 7. e3 e6 8. b3 b6 9. Bb2 Bb7 10. Rc1 Rc8 11. Qe2 c5 12. c4 cxd4 13. Nxd4 Nc5 14. Rfd1 Re8 15. N2f3 Qe7 16. Ne5 Nfd7 17. Nef3 dxc4 18. bxc4 Nf6 19. Nb5 Red8 20. Be5 Rd7 21. Bd6 Qe8 22. Ne5 Nfe4 23. Nxd7 Nxd7 24. Qc2 f5 25. Ba3 Rd8 26. Bb2 Bxb2 27. Qxb2 Ndc5 28. Rxd8 Qxd8 29. Qd4 Qxd4 30. exd4 Nd3 31. Rc2 Kf7 32. Bxe4 Bxe4 33. Nd6+ 1-0

[Event "Hastings Masters op 94th"]
[Site "Hastings"]
[Date "2019.01.02"]
[Round "6"]
[White "Rice, Christopher"]
[Black "Carulla Pons, Carlos"]
[Result "1-0"]
[WhiteElo "1998"]
[BlackElo "1780"]
[PlyCount "111"]
[EventDate "2018.12.28"]
[EventType "swiss"]
[EventRounds "10"]
[EventCountry "ENG"]
[SourceTitle "CBM 188 Extra"]
[Source "ChessBase"]
[SourceDate "2019.02.26"]
[SourceVersion "1"]
[SourceVersionDate "2019.02.26"]
[SourceQuality "1"]

1. c4 Nf6 2. g3 g6 3. Bg2 Bg7 4. Nc3 e5 5. e4 0-0 6. Nge2 c6 7. 0-0 d6 8. h3 Be6 9. d3 Qd7 10. Kh2 d5 11. b3 dxe4 12. dxe4 Rd8 13. Be3 Qe7 14. Qc2 Ne8 15. Rad1 Na6 16. Rxd8 Qxd8 17. Rd1 Qe7 18. Qd2 Bf6 19. f4 Rd8 20. Qxd8 Qxd8 21. Rxd8 Bxd8 22. Bxa7 exf4 23. gxf4 Bc7 24. Kg1 f6 25. Be3 Kf7 26. Nd4 Bc8 27. Kf2 Ba5 28. Na4 Ke7 29. Ke2 Ng7 30. a3 Ne6 31. b4 Bc7 32. Nxe6 Bxe6 33. Kd3 b5 34. Nb2 Bd7 35. Kc3 Bb8 36. Nd3 Be6 37. cxb5 cxb5 38. Bd4 Bd7 39. e5 fxe5 40. Nxe5 Be8 41. Nc6+ Ke6 42. Nxb8 Nxb8 43. Be5 Nc6 44. Bc7 Ne7 45. Kd4 Kd7 46. Bb6 Nc8 47. Bc5 Nd6 48. Bd5 Nf7 49. Bf8 Kc7 50. Kc5 Nd8 51. Bd6+ Kc8 52. Kb6 Bd7 53. h4 h6 54. Bf8 h5 55. Be7 Ne6 56. Bb7+ 1-0

[Event "Hastings Masters op 94th"]
[Site "Hastings"]
[Date "2018.12.31"]
[Round "4"]
[White "Carulla Pons, Carlos"]
[Black "Stoyanov, Boris1111"]
[Result "1-0"]
[WhiteElo "1780"]
[BlackElo "1583"]
[PlyCount "69"]
[EventDate "2018.12.28"]
[EventType "swiss"]
[EventRounds "10"]
[EventCountry "ENG"]
[SourceTitle "CBM 188 Extra"]
[Source "ChessBase"]
[SourceDate "2019.02.26"]
[SourceVersion "1"]
[SourceVersionDate "2019.02.26"]
[SourceQuality "1"]

1. Nf3 d5 2. d4 Bf5 3. g3 Nf6 4. Bg2 e6 5. 0-0 c5 6. c3 Nc6 7. Qb3 Rb8 8. Bg5 Be7 9. Bf4 Bd6 10. Bg5 0-0 11. a4 Na5 12. Qd1 h6 13. dxc5 Bxc5 14. Bxf6 Qxf6 15. b4 Bxb4 16. cxb4 Qxa1 17. bxa5 Rfc8 18. Qd4 Qa2 19. Nc3 Qb3 20. Nb5 a6 21. Nd6 Rc2 22. Nxf5 exf5 23. Qe5 Rd8 24. Nd4 Qc3 25. e3 Qc7 26. Qxf5 Rc5 27. Nb3 g6 28. Qf6 Rc4 29. Rd1 Rd6 30. Qe5 Kh7 31. Bxd5 Rb4 32. Rc1 Qd7 33. Nc5 Qc7 34. Nd3 f6 35. Rxc7+ 1-0

[Event "Hastings Masters op 94th"]
[Site "Hastings"]
[Date "2018.12.30"]
[Round "3"]
[White "Royal, Shreyas"]
[Black "Carulla Pons, Carlos"]
[Result "1-0"]
[WhiteElo "1892"]
[BlackElo "1780"]
[PlyCount "91"]
[EventDate "2018.12.28"]
[EventType "swiss"]
[EventRounds "10"]
[EventCountry "ENG"]
[SourceTitle "CBM 188 Extra"]
[Source "ChessBase"]
[SourceDate "2019.02.26"]
[SourceVersion "1"]
[SourceVersionDate "2019.02.26"]
[SourceQuality "1"]

1. d4 Nf6 2. c4 g6 3. Nc3 Bg7 4. e4 d6 5. Nge2 0-0 6. Ng3 e5 7. d5 a5 8. Be2 Na6 9. h4 h5 10. Bg5 Qd7 11. Qd2 Nc5 12. Bh6 Nh7 13. 0-0-0 Na4 14. Bxg7 Kxg7 15. Rdf1 Nxc3 16. Qxc3 Qa4 17. a3 b5 18. cxb5 Bd7 19. f4 f6 20. f5 g5 21. Nxh5+ Kf7 22. Qc4 Qxc4+ 23. Bxc4 a4 24. Rf3 Rab8 25. Rc3 Rfc8 26. b3 Bxb5 27. Bxb5 Rxb5 28. bxa4 Rb7 29. Kc2 gxh4 30. Rxh4 Ng5 31. Ng3 Ra8 32. Rc4 Rab8 33. Ne2 Rb2+ 34. Kd3 R8b7 35. Rh1 R2b3+ 36. Rc3 Ke7 37. Rhc1 Kd7 38. Rxb3 Rxb3+ 39. Nc3 Rb2 40. Rb1 Rxg2 41. a5 Rg3+ 42. Kc4 Nf3 43. Rb8 Nd2+ 44. Kb4 Rg1 45. a6 Nxe4 46. a7 1-0

[Event "Catalunya-ch Seniors 34th"]
[Site "Lloret del Mar"]
[Date "2018.05.19"]
[Round "1"]
[White "Salvo Garcia, Roger"]
[Black "Carulla Pons, Carlos"]
[Result "1/2-1/2"]
[WhiteElo "2083"]
[BlackElo "1831"]
[PlyCount "50"]
[EventDate "2018.05.19"]
[EventType "swiss"]
[EventRounds "9"]
[EventCountry "ESP"]
[SourceTitle "CBM 184 Extra"]
[Source "ChessBase"]
[SourceDate "2018.06.28"]
[SourceVersion "1"]
[SourceVersionDate "2018.06.28"]
[SourceQuality "1"]

1. d4 Nf6 2. Bf4 g6 3. e3 Bg7 4. Nf3 d6 5. Be2 0-0 6. h3 Nbd7 7. 0-0 c5 8. c3 a6 9. a4 b6 10. Nbd2 Bb7 11. Bh2 Re8 12. Qb3 Rc8 13. Rfd1 cxd4 14. exd4 h6 15. Bc4 d5 16. Bf1 e6 17. Qc2 Bf8 18. Bd3 Nb8 19. Ne5 Bd6 20. f4 Qc7 21. Re1 Nc6 22. Ndf3 Nb4 23. Qe2 Nxd3 24. Qxd3 Ne4 25. Nd2 f5 1/2-1/2